000 01031nam a2200277Ia 4500
003 OSt
005 20220923211445.0
006 a|||||r|||| 00| 0
007 ta
008 220922b |||||||| |||| 00| 0 hin d
020 _a9789350641453 (pbk)
_c350
024 _a325,002
037 _b400, 13/03/2018, Eastern Book Linkers
_cTextual
040 _aARTS
_cARTS
_bhin
041 _2hin
_ahin
082 _aO152,3N56x, Q7
100 _aजयनंदन, ले.
245 0 _aविघटन
_b युवाओं के संघर्ष की कहानी
246 _aVighaṭana: yuvāoan ke sangharṣha kī kahānī
260 _aदिल्ली
_b राजपाल एण्ड सन्ज़
_c2017
300 _a268पृ.
_ccm.
650 _a हिन्दी साहित्य
_9156264
650 _aहिन्दी कहानी
942 _hO152,3N56x, Q7
_cTEXL
_2CC
999 _c299735
_d299735